01404nam a22002057a 4500003000900000005001700009008004100026040001300067100002300080245011300103250001100216260003300227300001800260490000800278500003400286520074900320942001201069999001701081952010001098IT-RoPau20220918181103.0130404b xxu||||| |||| 00| 0 eng d cIT-RoPau aSassi, Silvio9511 aBoletín oficial interno de la Sociedad de San Pablob"Progresad cada vez más" Carta del Superior General a1° ed aRomabSSP Casa Generalc2005 a31 pp.c21 cm aSSP aAno - n° 417 - Marzo de 2005 aĺndice Carta del Superior General "Progresad cada ves más": Presentación general Primera carta a los Tesalonicenses I. Introducción 1. La ciudad de Tesalónica 2. Fundación de la comunidad 3. Perfil de los cristianos de Tesalónica 4. La primera carta a los Tesalonicenses 5. Importancia de la carta II. La carta y sus principales temas 1. "Continuamente damos gracias a Dios..." (1,2 - 3,13) 2. "...os pedimos y os exhortamos en el nombre de Jesús, el Senor ..." (4,1 - 5,27) III. La carta en el P. Alberione y consecuencias para nosotros hoy 1. ¿Cómo leyó e interpretó el P. Alberione la primera carta a los Tesalonicenses? 2. Consecuencias para nosotros hoy en día IV. Pasos para una "lectio paulina" de la carta  2ddccBK c98313d98313 00102ddc406P_C571aPAULUSbPAULUSd2013-04-04l0oP C5r2013-04-04 00:00:00w2013-04-04yBK